|
|
|
|
| LEADER |
01006nom a2200289 u 4500 |
| 001 |
10071141 |
| 003 |
upatras |
| 005 |
20210117201639.0 |
| 008 |
090513s2005 eng |
| 020 |
|
|
|a 9780306486906
|
| 040 |
|
|
|a GR-PaULI
|c GR-PaULI
|
| 041 |
0 |
|
|a eng
|
| 100 |
1 |
|
|a Banathy, Bela H.
|9 68137
|
| 245 |
1 |
0 |
|a Dialogue as a Means of Collective Communication
|h [electronic resource]
|c edited by Bela Banathy, Patrick M. Jenlink
|
| 260 |
|
|
|a Boston, MA
|b Springer Science + Business Media, Inc.
|c 2005
|
| 300 |
|
|
|b v.: digital
|
| 650 |
|
4 |
|a Business planning
|9 19394
|
| 650 |
|
4 |
|a Social Sciences, general
|9 64128
|
| 650 |
|
4 |
|a Education & Society
|9 65132
|
| 650 |
|
4 |
|a Communication
|9 15071
|
| 650 |
|
4 |
|a Organization/Planning
|9 64272
|
| 700 |
1 |
|
|a Jenlink, Patrick M.
|9 68138
|
| 852 |
|
|
|a GR-PaULI
|b ΠΑΤΡΑ
|b ΒΚΠ
|
| 856 |
4 |
0 |
|u http://dx.doi.org/10.1007/b110207
|
| 942 |
|
|
|2 ddc
|
| 952 |
|
|
|0 0
|1 0
|4 0
|7 0
|9 72596
|a LISP
|b LISP
|d 2016-04-24
|l 0
|r 2016-04-24 00:00:00
|w 2016-04-24
|y ERS
|
| 999 |
|
|
|c 47386
|d 47386
|